| 000 | 00611nam a2200181 a 4500 | ||
|---|---|---|---|
| 005 | 20210223122608.0 | ||
| 008 | 991125s1976 mx 000 0 spa u | ||
| 035 | _aUPN01000038325 | ||
| 049 | _aCG | ||
| 050 | 4 |
_aF1235 _bL6.4 |
|
| 100 | 1 |
_aLópez Portillo y Pacheco, José, _d1920-2004 |
|
| 245 | 1 | 0 |
_aMemorias en campaña : _bdiscursos y pronunciamientos / _cJosé López Portillo. |
| 260 |
_aMéxico : _bPRI : _bComité Ejecutivo Nacional, _c[1976?]. |
||
| 300 |
_av. : _bil. |
||
| 650 | 4 |
_aCAMPAÑAS POLITICAS - _yLITERATURA, 1975 _95082 |
|
| 650 | 4 |
_aPRESIDENTES - _zMEXICO - _xELECCION - _y1975 |
|
| 905 | _aLibro | ||
| 999 |
_c38325 _d38325 |
||